00401nam a22001337a 450000500170000000800410001704100130005808200140007110000280008524500470011326000510016030000310021165000250024220231110130131.0231110b |||||||| |||| 00| 0 eng d aEnglish  a346.1 DON aDonaldson, M lEnglish  aMinors in Roman-Dutch Law / cM Donaldson  aDurban : bButterworth and Company Ltd, c1955 bxv, 119 pages ; c26 cm. L aLegal practice bLaw